LEADER 00877nam0-2200313---450- 001 990008187190403321 005 20080304121329.0 010 $a88-87731-20-9 035 $a000818719 035 $aFED01000818719 035 $a(Aleph)000818719FED01 035 $a000818719 100 $a20050915d2004----km-y0itay50------ba 101 0 $aita 102 $aIT 105 $aa-------001y- 200 1 $aBiotecnologie$ei vantaggi per la salute e per l'ambiente$fPaolo Ajmone Marsan ... [et al.] 210 $aMilano$c21mo Secolo$dc2004 215 $a179 p.$cill.$d21 cm 610 0 $aBiotecnologia agraria 676 $a631.523$v20$zita 702 1$aAjmone Marsan,$bPaolo 801 0$aIT$bUNINA$gRICA$2UNIMARC 901 $aBK 912 $a990008187190403321 952 $a60 631.523 B 27$b10179$fFAGBC 959 $aFAGBC 996 $aBiotecnologie$9260232 997 $aUNINA LEADER 01094nam a2200289 i 4500 001 991000702749707536 005 20020507172459.0 008 970527s1996 sz ||| | ita 020 $a3764354550 035 $ab10745385-39ule_inst 035 $aLE01300960$9ExL 040 $aDip.to Matematica$beng 082 0 $a515.7246 084 $aAMS 47D03 100 1 $aNeerven, Jan van$060360 245 14$aThe asymptotic behaviour of semigroups of linear operators /$cJan van Neerven 260 $aBasel ; Boston ; Berlin :$bBirkhauser,$cc1996 300 $axii, 236 p. ;$c24 cm 490 0 $aOperator theory.$pAdvances and applications ;$v88 500 $aIncludes bibliographical references 650 0$aSemigroups of linear operators 907 $a.b10745385$b23-02-17$c28-06-02 912 $a991000702749707536 945 $aLE013 47D NEE11 (1996)$g1$i2013000082141$lle013$o-$pE0.00$q-$rl$s- $t0$u13$v0$w13$x0$y.i10837450$z28-06-02 996 $aAsymptotic behaviour of semigroups of linear operators$9374756 997 $aUNISALENTO 998 $ale013$b01-01-97$cm$da $e-$fita$gsz $h4$i1